BIBLIOTECA PODER JUDICIAL
Portal Judicial TDF

La maternidad en el régimen penitenciario. Derecho de las niñas, niños y adolescentes / (Registro nro. 5496)

000 -LEADER
fixed length control field 01699nab a22002897a 4500
003 - CONTROL NUMBER IDENTIFIER
control field OSt
005 - DATE AND TIME OF LATEST TRANSACTION
control field 20251209135919.0
008 - FIXED-LENGTH DATA ELEMENTS--GENERAL INFORMATION
fixed length control field 190502c xxu||||| |||| 00| 0 spa d
040 ## - CATALOGING SOURCE
Transcribing agency PJ
100 ## - MAIN ENTRY--PERSONAL NAME
9 (RLIN) 6487
Personal name Galoto, Julieta
245 13 - TITLE STATEMENT
Title La maternidad en el régimen penitenciario. Derecho de las niñas, niños y adolescentes /
Statement of responsibility, etc Julieta Galoto.
260 ## - PUBLICATION, DISTRIBUTION, ETC. (IMPRINT)
Place of publication, distribution, etc Ciudad Autónoma de Buenos Aires :
Name of publisher, distributor, etc Thomson Reuters La Ley,
Date of publication, distribution, etc 2025.
300 ## - PHYSICAL DESCRIPTION
Extent p. 86-90
500 ## - GENERAL NOTE
General note Cita Online: AR/DOC/2681/2024.
505 ## - FORMATTED CONTENTS NOTE
Formatted contents note Sumario: I. Introducción.— II. Fallo "Q. P., J. J. s/ comercio de estupefacientes".— III. Análisis desde el derecho internacional de los derechos humanos.— IV. Análisis desde la legislación nacional.— V. Derecho de los niños, niñas y adolescentes con progenitores privados de su libertad.— VI. Conclusión.<br/><br/>
505 ## - FORMATTED CONTENTS NOTE
Title Fallo comentado: CPenal, Penal Juvenil, Contravencional y de Faltas, Ciudad Autónoma de Buenos Aires, sala III ~ 09/06/2023 ~ Q. P., J. J. s/ comercio de estupefacientes o cualquier materia prima para su producción / tenencia con fines de comercialización.
505 ## - FORMATTED CONTENTS NOTE
Title ¿Te interesa el texto completo? Solicitalo al correo: koha@justierradelfuego.gov.ar
650 #0 - SUBJECT ADDED ENTRY--TOPICAL TERM
9 (RLIN) 343
Topical term or geographic name as entry element DERECHO PENAL
650 #0 - SUBJECT ADDED ENTRY--TOPICAL TERM
9 (RLIN) 2348
Topical term or geographic name as entry element PROCESO PENAL
650 #0 - SUBJECT ADDED ENTRY--TOPICAL TERM
9 (RLIN) 4065
Topical term or geographic name as entry element PRISION DOMICILIARIA
650 #0 - SUBJECT ADDED ENTRY--TOPICAL TERM
9 (RLIN) 4973
Topical term or geographic name as entry element PROTECCION DE LA MATERNIDAD
650 #0 - SUBJECT ADDED ENTRY--TOPICAL TERM
9 (RLIN) 4048
Topical term or geographic name as entry element CUMPLIMIENTO DE LA PENA
650 #0 - SUBJECT ADDED ENTRY--TOPICAL TERM
9 (RLIN) 2741
Topical term or geographic name as entry element DERECHOS DE LAS NIÑAS, NIÑOS Y ADOLESCENTES
650 #0 - SUBJECT ADDED ENTRY--TOPICAL TERM
9 (RLIN) 4097
Topical term or geographic name as entry element INTERES SUPERIOR DEL NIÑO
773 0# - HOST ITEM ENTRY
Host Biblionumber 2729
Host Itemnumber 3180
Place, publisher, and date of publication Buenos Aires : LexisNexis, 2006-
Title Revista de derecho penal y procesal penal. Nº 2 - Febrero 2025
International Standard Book Number 9875920622
942 ## - ADDED ENTRY ELEMENTS (KOHA)
Source of classification or shelving scheme
Koha item type Analítica Artículo de Revista

No hay ítems disponibles.

12 de Octubre 789 Ushuaia - Tel:  54(02901)441571
Horario de Atención: 8.00 a 17.00 hs. 
bibliotecaush@justierradelfuego.gov.ar
koha@justierradelfuego.gov.ar
Seguinos en nuestras redes @bibliojustdf 

Con tecnología Koha